Ruská federácia ako stály člen Bezpečnostnej Rady Organizácie Spojených Národov bakalárska práca

Saved in:
Bibliographic Details
Main Author: Lavrukhina, Elena
Corporate Author: Fakulta medzinárodných vzťahov EU. Katedra medzinárodných politických vzťahov
Other Authors: Zubro, Tetyana, 1975-
Format: Book
Language:Slovak
Published: Bratislava 2021
Tags: Add Tag
No Tags, Be the first to tag this record!

MARC

LEADER 00000nbm a2200000 4500
001 0278183
005 20220222102528.8
041 0 |a slo 
044 |a SK 
245 1 0 |a Ruská federácia ako stály člen Bezpečnostnej Rady Organizácie Spojených Národov  |b bakalárska práca  |c Elena Lavrukhina ; školiteľ: Tetyana Zubro 
264 1 |a Bratislava  |c 2021 
300 |a 80 s. 
100 1 |a Lavrukhina, Elena 
700 1 |a Zubro, Tetyana, 1975- 
710 2 |a Fakulta medzinárodných vzťahov EU. Katedra medzinárodných politických vzťahov